| 000 | 00602nam a22001577a 4500 | ||
|---|---|---|---|
| 020 | _a978-1-40830-724-3 | ||
| 082 |
_a823 _bBLA/B |
||
| 100 | _aBLADE, ADAM | ||
| 245 |
_aBEAST QUEST _bTHE WORLD OF CHAOS |
||
| 246 | _aMURO THE RAT MONSTER | ||
| 260 |
_aUNITED KINGDOM _bORCHARD BOOKS _c2010 |
||
| 300 | _a119 | ||
| 520 | _aTom seeks the second potion ingredient that will free his ailing mother from Wizard Velmal's fiendish sorcery. He must battle against Muro the Rat Monster, who can command the vermin of Kayonia to do his wicked bidding! | ||
| 650 |
_aADVENTURE STORY _zUNITED KINGDOM |
||
| 942 | _cBK | ||
| 999 |
_c6036 _d6036 |
||